Buzola : příručka globálního rozvojového vzdělávání nejen pro volný čas / [editorky Kristýna Hrubanová, Martina Pavlíčková]
Record details
- ISBN: 978-80-905146-1-4 (NaZemi - společnost pro fair trade : kroužková vazba)
- Physical Description: 111 s. : il., mapy ; 30 cm
- Publisher: Brno : NaZemi - společnost pro fair trade ve spolupráci s organizacemi Südwind-Rakousko, C.E.G.A-Bulharsko, Anthropolis-Maďarsko, FDSC-Rumunsko, European Perspective-Řecko, 2011
Content descriptions
| Bibliography, etc. Note: | Obsahuje bibliografii a bibliografické odkazy |
Search for related items by subject
| Subject: | globální rozvojové vzdělávání předmětová didaktika global development education teaching school subjects |
| Genre: | metodické příručky methodological manuals |
Available copies
- 2 of 2 copies available at Common Catalog SPOK.
Holds
- 0 current holds with 2 total copies.
Show Only Available Copies
| Location | Call Number / Copy Notes | Barcode | Shelving Location | Status | Due Date |
|---|---|---|---|---|---|
| Jabok Library | Ped-3.5.4/H | 424480035812 | Odborná literatura | Available | - |
| Varianty | GRV Met Bu | 4605400312 | Šafaříkova 17 - 5. patro, GRV | Available | - |
| LDR | 01838nam a2200457 a 4500 | ||
|---|---|---|---|
| 001 | 19297 | ||
| 003 | CZ-PrJAB | ||
| 005 | 20190302073241.0 | ||
| 007 | ta | ||
| 008 | 120305s2011 xr ab e f 000 0 cze | ||
| 015 | . | ‡acnb002346095 | |
| 020 | . | ‡a978-80-905146-1-4 (NaZemi - společnost pro fair trade : kroužková vazba) | |
| 035 | . | ‡a(CZ PrNK)nkc20122346095 | |
| 035 | . | ‡a(OCoLC)796017608 | |
| 040 | . | ‡aBOA001 ‡bcze ‡dABA001 | |
| 044 | . | ‡axr ‡aau ‡abu ‡ahu ‡arm ‡agr | |
| 072 | 7. | ‡a37 ‡xVýchova a vzdělávání ‡2Konspekt ‡922 | |
| 080 | . | ‡a37.0-027.511 ‡2MRF | |
| 080 | . | ‡a37.016.026 ‡2MRF | |
| 080 | . | ‡a(072) ‡2MRF | |
| 245 | 0 | 0. | ‡aBuzola : ‡bpříručka globálního rozvojového vzdělávání nejen pro volný čas / ‡c[editorky Kristýna Hrubanová, Martina Pavlíčková] |
| 246 | 3 | 0. | ‡aPříručka globálního rozvojového vzdělávání nejen pro volný čas |
| 260 | . | ‡aBrno : ‡bNaZemi - společnost pro fair trade ve spolupráci s organizacemi Südwind-Rakousko, C.E.G.A-Bulharsko, Anthropolis-Maďarsko, FDSC-Rumunsko, European Perspective-Řecko, ‡c2011 | |
| 300 | . | ‡a111 s. : ‡bil., mapy ; ‡c30 cm | |
| 504 | . | ‡aObsahuje bibliografii a bibliografické odkazy | |
| 650 | 0 | 7. | ‡aglobální rozvojové vzdělávání ‡7ph265647 ‡2czenas |
| 650 | 0 | 7. | ‡apředmětová didaktika ‡7ph162893 ‡2czenas |
| 650 | 0 | 9. | ‡aglobal development education ‡2eczenas |
| 650 | 0 | 9. | ‡ateaching school subjects ‡2eczenas |
| 655 | 7. | ‡ametodické příručky ‡7fd132826 ‡2czenas | |
| 655 | 9. | ‡amethodological manuals ‡2eczenas | |
| 700 | 1 | . | ‡aHrubanová, Kristýna ‡7js20110830002 ‡4edt |
| 700 | 1 | . | ‡aPavlíčková, Martina ‡7mzk2011662238 ‡4edt |
| 910 | . | ‡aABG312 | |
| 910 | . | ‡aABH006 | |
| 901 | . | ‡a19297 ‡b ‡c19297 ‡tbiblio | |